[Event "Moscow Open 2009 B"]
[Site "www.moscowchessopen.ru"]
[Date "2009.02.06"]
[Round "7.221"]
[White "Kanaev, Sergey"]
[Black "Surov, Anatoly"]
[Result "1-0"]
[WhiteElo "1400"]
[BlackElo "1905"]
[Annotator ""]
[Source ""]
[Remark ""]

1.d4 d5 2.c4 e6 3.Nc3 Nf6 4.Bg5 Nbd7 5.Nf3 c6 6.e3 Bb4 7.Qc2
Qa5 8.Bxf6 Nxf6 9.Nd2 O-O 10.Bd3 dxc4 11.Bxc4 b5 12.Bd3 Bb7 13.Nb3
Qc7 14.a3 Bxc3+ 15.bxc3 h6 16.Nc5 Rac8 17.h4 Nd5 18.h5 f5 19.Nxe6
Qe7 20.Nxf8 Rxf8 21.Kd2 1-0

[Event "Moscow Open 2009 B"]
[Site "www.moscowchessopen.ru"]
[Date "2009.02.07"]
[Round "8.1"]
[White "Gevorgyan, David"]
[Black "Babikov, Ivan"]
[Result "1/2-1/2"]
[WhiteElo "2252"]
[BlackElo "2284"]
[Annotator ""]
[Source ""]
[Remark ""]

1.d4 d5 2.c4 e6 3.Nc3 Nf6 4.Nf3 Nbd7 5.Qc2 c6 6.e3 Bd6 7.b3 O-O
8.Bb2 Re8 9.Bd3 e5 10.cxd5 cxd5 11.dxe5 Nxe5 12.Nxe5 Bxe5 13.Ne2
d4 14.exd4 Bxd4 15.Bxd4 Qxd4 16.O-O 1/2-1/2

[Event "Moscow Open 2009 B"]
[Site "www.moscowchessopen.ru"]
[Date "2009.02.07"]
[Round "8.2"]
[White "Pavlov, Aleksandr"]
[Black "Poghosyan, Suren"]
[Result "0-1"]
[WhiteElo "2274"]
[BlackElo "2218"]
[Annotator ""]
[Source ""]
[Remark ""]

1.d4 Nf6 2.c4 e6 3.Nf3 b6 4.g3 Ba6 5.b3 Bb4+ 6.Bd2 Be7 7.Nc3
d5 8.Bg2 c6 9.cxd5 cxd5 10.O-O Nc6 11.Qc2 Rc8 12.Qb2 Ne4 13.a3
Nxd2 14.Qxd2 Na5 15.Qb2 O-O 16.Rfc1 Bd6 17.Bf1 f5 18.Bh3 g5 19.Bf1
g4 20.Nh4 f4 21.Nd1 Qf6 22.Rxc8 Bxc8 23.Qc3 Bd7 24.Qd3 Nc6 25.e3
fxe3 26.fxe3 e5 27.Bg2 exd4 28.Bxd5+ Kh8 29.Rc1 Ne5 30.Qe2 d3
31.Qf2 Qxf2+ 32.Nxf2 Bxa3 33.Rc7 d2 34.Nd1 Bb5 35.Bc4 Nxc4 0-1

[Event "Moscow Open 2009 B"]
[Site "www.moscowchessopen.ru"]
[Date "2009.02.07"]
[Round "8.3"]
[White "Kursova, Maria"]
[Black "Loginov, Anton"]
[Result "1-0"]
[WhiteElo "2268"]
[BlackElo "2232"]
[Annotator ""]
[Source ""]
[Remark ""]

1.d4 Nf6 2.Nf3 d5 3.c4 e6 4.Nc3 Be7 5.Bf4 O-O 6.e3 b6 7.h3 Bb7
8.cxd5 Nxd5 9.Nxd5 Bxd5 10.a3 Nd7 11.Ba6 c5 12.O-O cxd4 13.exd4
Nb8 14.Be2 Nc6 15.Rc1 Qd7 16.Rc3 Qb7 17.Qd3 Rfd8 18.Rfc1 f6 19.Qe3
e5 20.Bc4 Nxd4 21.Nxd4 exd4 22.Qxd4 Bc5 23.Qe4 Qf7 24.Bxd5 Rxd5
25.b4 Re8 26.Qf3 Bf8 27.Rc7 Rd7 28.Rxd7 Qxd7 29.Rc7 Qa4 30.Qd5+
Kh8 31.Qf7 Ra8 32.Bh6 Qd1+ 33.Kh2 1-0

[Event "Moscow Open 2009 B"]
[Site "www.moscowchessopen.ru"]
[Date "2009.02.07"]
[Round "8.4"]
[White "Vdovin, Sergei"]
[Black "Grishin, Alexander"]
[Result "1-0"]
[WhiteElo "2263"]
[BlackElo "2231"]
[Annotator ""]
[Source ""]
[Remark ""]

1.d4 d5 2.c4 e6 3.Nf3 Nf6 4.Nc3 Be7 5.Bf4 a6 6.e3 O-O 7.c5 Nc6
8.a3 Ne4 9.Nxe4 dxe4 10.Ne5 Nxe5 11.Bxe5 Bf6 12.Bg3 Qe7 13.Qc2
e5 14.d5 Rd8 15.Rd1 Bg4 16.Rd2 Bh5 17.Be2 Bxe2 18.Kxe2 Qd7 19.Rhd1
Qb5+ 20.Ke1 a5 21.Rc1 Rd7 22.Qxe4 Rad8 23.a4 Qb4 24.Qxb4 axb4
25.Rcd1 b3 26.Rd3 e4 27.Rxb3 Rxd5 28.Rxd5 Rxd5 29.Rxb7 g6 30.Bxc7
Be7 31.c6 Rc5 32.Bg3 1-0

[Event "Moscow Open 2009 B"]
[Site "www.moscowchessopen.ru"]
[Date "2009.02.07"]
[Round "8.5"]
[White "Tarasova, Viktoriya"]
[Black "Likhoman, Mikhail"]
[Result "1-0"]
[WhiteElo "2257"]
[BlackElo "2217"]
[Annotator ""]
[Source ""]
[Remark ""]

1.d4 Nf6 2.c4 e6 3.Nc3 Bb4 4.Nf3 b6 5.Bg5 h6 6.Bh4 g5 7.Bg3 Ne4
8.Qc2 Bb7 9.e3 Bxc3+ 10.bxc3 d6 11.Nd2 Nxg3 12.hxg3 Nd7 13.e4
e5 14.d5 a5 15.Be2 a4 16.Nf1 Nc5 17.Ne3 Qf6 18.Bh5 Ba6 19.Rb1
Bc8 20.Ke2 Qg7 21.Rh2 Bd7 22.Rbh1 O-O-O 23.f3 Rdf8 24.Bg4 Qg6
25.Nf5 Kb7 26.Rxh6 Rxh6 27.Rxh6 Qg8 28.Ne3 Qg7 29.Rh1 Bxg4 30.Nxg4
f5 31.exf5 e4 32.fxe4 Re8 33.e5 dxe5 34.Rh6 e4 35.Rg6 Qe7 36.Ne3
Rh8 37.Qd1 Nd3 38.Qxa4 Rh1 39.Rg8 1-0

[Event "Moscow Open 2009 B"]
[Site "www.moscowchessopen.ru"]
[Date "2009.02.07"]
[Round "8.6"]
[White "Petrov, Artur"]
[Black "Shamugia, Shavleg"]
[Result "1-0"]
[WhiteElo "2253"]
[BlackElo "2215"]
[Annotator ""]
[Source ""]
[Remark ""]

1.e4 d6 2.d4 Nf6 3.Nc3 e5 4.Nf3 Nbd7 5.Bc4 Be7 6.O-O O-O 7.Re1
c6 8.a4 Re8 9.b3 Qc7 10.Qd2 h6 11.Ba3 Nb6 12.Bf1 Be6 13.a5 Nbd7
14.h3 a6 15.dxe5 dxe5 16.Bxe7 Rxe7 17.Na4 Rd8 18.Qc3 Nh7 19.Rad1
Nhf8 20.Rd2 Ng6 21.Red1 Ree8 22.b4 f6 23.Ne1 Ndf8 24.Nd3 Kf7
25.Ndc5 Rxd2 26.Qxd2 Nf4 27.Nb6 Ke7 28.Kh2 Bc8 29.Bc4 Rd8 30.Nxc8+
Rxc8 31.g3 N4g6 32.h4 Ke8 33.h5 Ne7 34.Be6 Rb8 35.Qe2 Rd8 36.Rxd8+
Kxd8 37.Qg4 g6 38.hxg6 Nexg6 39.Bf5 Qf7 40.Bxg6 Nxg6 41.Nxb7+
Qxb7 42.Qxg6 Qe7 43.Qxh6 Kc7 44.c3 c5 45.Qe3 Kc6 46.Qxc5+ Qxc5
47.bxc5 Kb5 48.c6 Kxc6 49.f4 exf4 50.gxf4 Kb5 51.e5 fxe5 52.fxe5 1-0

[Event "Moscow Open 2009 B"]
[Site "www.moscowchessopen.ru"]
[Date "2009.02.07"]
[Round "8.7"]
[White "Nozdrachev, Leonid"]
[Black "Eliseev, Urii"]
[Result "0-1"]
[WhiteElo "2215"]
[BlackElo "2249"]
[Annotator ""]
[Source ""]
[Remark ""]

1.e4 e5 2.Nf3 Nc6 3.Bc4 Bc5 4.Nc3 Nf6 5.d3 d6 6.a3 a6 7.Be3 Bxe3
8.fxe3 Be6 9.Bxe6 fxe6 10.Ng5 Qe7 11.Qf3 O-O-O 12.O-O h6 13.Nh3
Rdf8 14.b4 g5 15.Nf2 h5 16.Qe2 g4 17.b5 axb5 18.Rab1 g3 19.hxg3
Qg7 20.Nh1 h4 21.Rf3 hxg3 22.Nxg3 Ne7 23.Rbf1 Ng6 24.Kf2 Nh4
25.Ke1 Nxf3+ 26.Rxf3 Nd7 27.Qf2 c6 28.Kd2 Rf6 29.Nce2 Rhf8 30.Ng1
Kc7 31.Qe1 Ra8 32.Qe2 Rxf3 33.Nh5 Rxe3 34.Qxe3 Qxg2+ 35.Ne2 Rh8
36.Nhg3 Rf8 37.Kc3 Rf3 38.Qg5 Rf2 39.Qh5 Qf3 40.Qe8 Rxe2 41.Nxe2
Qxe2 42.Qxe6 Qf2 43.Kb2 Qd4+ 44.Kb1 Qc3 45.Qa2 Kb6 46.Qe6 Kc7
47.Qa2 Nc5 48.Qf7+ Kb6 49.Qf8 Na4 50.Qd8+ Ka7 0-1

[Event "Moscow Open 2009 B"]
[Site "www.moscowchessopen.ru"]
[Date "2009.02.07"]
[Round "8.8"]
[White "Betaneli, Alexander"]
[Black "Nikologorsky, Matfei"]
[Result "0-1"]
[WhiteElo "2284"]
[BlackElo "2196"]
[Annotator ""]
[Source ""]
[Remark ""]

1.d4 d5 2.c4 c6 3.cxd5 cxd5 4.Bf4 Nc6 5.Nc3 Nf6 6.Nf3 a6 7.Rc1
e6 8.e3 Bd6 9.Bg3 O-O 10.Bd3 Re8 11.Ne5 Bxe5 12.dxe5 Nd7 13.f4
f5 14.O-O Nc5 15.Bb1 b6 16.Qh5 Bb7 17.Bh4 Qd7 18.g4 g6 19.Qh6
Qg7 20.Qxg7+ Kxg7 21.gxf5 gxf5 22.Ne2 Rac8 23.Kf2 Kf7 24.Rg1
Nb4 25.Rc3 Ne4+ 26.Bxe4 dxe4 27.Rg3 Rg8 28.Rh3 h6 29.Kf1 Nxa2
30.Rxc8 Bxc8 31.Be1 Rg6 32.Bd2 a5 33.Rg3 Ba6 34.Rxg6 Kxg6 35.Kf2
Bxe2 36.Kxe2 Kh5 37.Kf2 a4 38.Kg3 b5 39.Ba5 b4 40.Bb6 Nc1 41.Bc5
a3 42.bxa3 b3 0-1

[Event "Moscow Open 2009 B"]
[Site "www.moscowchessopen.ru"]
[Date "2009.02.07"]
[Round "8.9"]
[White "Simonian, Tigran"]
[Black "Timofeev, Vladimir F"]
[Result "1/2-1/2"]
[WhiteElo "2207"]
[BlackElo "2288"]
[Annotator ""]
[Source ""]
[Remark ""]

1.d4 g6 2.c4 Bg7 3.Nc3 d6 4.e4 Nc6 5.Be3 e5 6.Nge2 Nf6 7.d5 Na5
8.h3 O-O 9.Nc1 c5 10.g4 a6 11.a4 Bd7 12.Bd3 Kh8 13.Rb1 b6 14.N1e2
Ng8 15.b3 Bh6 16.Qd2 Bxe3 17.Qxe3 h6 18.Kd2 Nb7 19.Rhf1 Kg7 20.f4
exf4 21.Rxf4 Qe7 22.Ng3 Qe5 23.h4 f6 24.Kc2 Nd8 25.Rg1 Nf7 26.Qf2
Rab8 27.Nf5+ gxf5 28.gxf5+ Ng5 29.Rf3 Kf7 30.hxg5 fxg5 31.Rh3
Ke7 32.Qh2 Qxh2+ 33.Rxh2 Kf6 34.Nd1 Kg7 35.Rgh1 b5 36.a5 bxc4
37.Bxc4 Bb5 38.Ne3 Rfe8 39.Bxb5 axb5 40.Kd3 Ra8 41.f6+ Kxf6 42.Ng4+
Kg6 43.Rxh6+ Nxh6 44.Rxh6+ Kf7 45.Rxd6 Rxa5 46.e5 Ra1 47.Ke4
Rf1 48.e6+ Kg6 49.Ne5+ Kf6 50.Ng4+ Kg6 51.Ne5+ Kf6 52.Ng4+ Kg6
53.Ne5+ 1/2-1/2

[Event "Moscow Open 2009 B"]
[Site "www.moscowchessopen.ru"]
[Date "2009.02.07"]
[Round "8.10"]
[White "Erzhanov, Arman"]
[Black "Dzhangobegov, Vladimir"]
[Result "1-0"]
[WhiteElo "2273"]
[BlackElo "2180"]
[Annotator ""]
[Source ""]
[Remark ""]

1.e4 c5 2.Nf3 Nc6 3.Bb5 e6 4.Bxc6 bxc6 5.d3 Ne7 6.Qe2 f6 7.h4
e5 8.h5 d6 9.Nh2 g5 10.g3 Be6 11.f4 h6 12.Ng4 Bg7 13.f5 Bf7 14.a4
a5 15.Be3 Rb8 16.b3 Nc8 17.Nd2 Bf8 18.Kf1 Rh7 19.Nc4 Bxc4 20.dxc4
Rd7 21.Rd1 Kf7 22.Bc1 d5 23.exd5 cxd5 24.cxd5 Rxd5 25.Kf2 Rb4
26.Ne3 Rxd1 27.Rxd1 Rd4 28.Bb2 Rxd1 29.Qxd1 Qxd1 30.Nxd1 c4 31.Bc3
cxb3 32.cxb3 Nd6 33.Bxa5 Ne4+ 34.Kf3 Nc5 35.Bb4 Nxb3 36.Bxf8
Kxf8 37.Nc3 Ke7 38.Nd5+ Kf7 39.g4 Nd2+ 40.Ke2 Nc4 41.Nc3 Ke7
42.Ne4 Kf7 43.Nc3 Ke7 44.Kd3 Nb2+ 45.Kc2 Nc4 46.Nd5+ Kd6 47.Nxf6
Ke7 48.Nd5+ Kd6 49.Nf6 Ke7 50.Ne4 Ne3+ 51.Kd3 Nd5 52.a5 Kd7 53.f6
Ke6 54.Kc4 Ne3+ 55.Kc5 Nxg4 56.a6 Nxf6 57.Nxf6 Kxf6 58.a7 g4
59.a8Q 1-0

[Event "Moscow Open 2009 B"]
[Site "www.moscowchessopen.ru"]
[Date "2009.02.07"]
[Round "8.11"]
[White "Rozhkov, Vecheslav"]
[Black "Murzin, Lenar"]
[Result "1-0"]
[WhiteElo "2243"]
[BlackElo "2175"]
[Annotator ""]
[Source ""]
[Remark ""]

1.e4 e6 2.d4 d5 3.e5 c5 4.c3 Nc6 5.Nf3 Bd7 6.a3 Nge7 7.b4 cxd4
8.cxd4 Nf5 9.Be3 Rc8 10.Bd3 Nh4 11.O-O Nxf3+ 12.Qxf3 Qh4 13.g3
Qh3 14.Nd2 Be7 15.Rfc1 g5 16.Nb3 b6 17.Bf1 Qh6 18.Ba6 Rb8 19.Rc3
Bd8 20.h4 Qg7 21.Rac1 g4 22.Qe2 Ne7 23.Bb5 Rb7 24.Bxd7+ Rxd7
25.Bg5 O-O 26.Qb5 Rb7 27.Nc5 Rc7 28.Nxe6 fxe6 29.Rxc7 Bxc7 30.Rxc7
Rf7 31.Qe8+ Qf8 32.Rxe7 Qxe8 33.Rxe8+ Kg7 34.Be7 1-0

[Event "Moscow Open 2009 B"]
[Site "www.moscowchessopen.ru"]
[Date "2009.02.07"]
[Round "8.12"]
[White "Manukyan, Sargis V"]
[Black "Stets, Vasilij"]
[Result "1-0"]
[WhiteElo "2198"]
[BlackElo "2239"]
[Annotator ""]
[Source ""]
[Remark ""]

1.d4 Nf6 2.c4 c5 3.d5 b5 4.cxb5 a6 5.bxa6 Bxa6 6.Nc3 d6 7.g3
g6 8.Bg2 Bg7 9.Nf3 Nbd7 10.Rb1 O-O 11.O-O Nb6 12.b3 Bb7 13.e4
e6 14.dxe6 fxe6 15.Ng5 Qe7 16.Bh3 Bc8 17.e5 Ne8 18.exd6 Nxd6
19.Qc2 Nf5 20.Bg2 Ra6 21.Nb5 Nd5 22.a4 Nd4 23.Nxd4 cxd4 24.Bd2
Bb7 25.b4 Nc3 26.Bxc3 Bxg2 27.Kxg2 Qxg5 28.Bd2 Qd5+ 29.Kg1 d3
30.Qb3 Qf3 31.Be3 Rd6 32.Bc5 Bd4 33.Bxd4 Rxd4 34.Qxe6+ Rf7 35.Qe8+
Rf8 36.Qe6+ Rf7 37.Qe3 Qd5 38.b5 d2 39.Rfd1 Rd3 40.Qe2 Rd7 41.b6
Qb7 42.a5 h5 43.a6 Qxa6 44.Rxd2 Rb3 45.Qe8+ 1-0

[Event "Moscow Open 2009 B"]
[Site "www.moscowchessopen.ru"]
[Date "2009.02.07"]
[Round "8.13"]
[White "Uraev, Ivan"]
[Black "Melkonian, Vardan"]
[Result "1-0"]
[WhiteElo "2194"]
[BlackElo "2238"]
[Annotator ""]
[Source ""]
[Remark ""]

1.e4 d5 2.Nc3 c6 3.Nf3 Bg4 4.h3 Bh5 5.exd5 cxd5 6.d4 Nc6 7.Bb5
e6 8.g4 Bg6 9.Ne5 Rc8 10.Qe2 Bb4 11.h4 Qa5 12.Bd2 Nge7 13.h5
Bxc2 14.Rc1 Be4 15.f3 f6 16.fxe4 fxe5 17.exd5 exd5 18.O-O Bxc3
19.Bxc3 Qb6 20.Bxc6+ Rxc6 21.Qxe5 Rf8 22.Rxf8+ Kxf8 23.Re1 Rc7
24.Rf1+ Ke8 25.Qxg7 Qd6 26.Kg2 Qe6 27.Re1 Qf7 28.Qe5 Kd7 29.Kg3
Rc8 30.Qf4 Qxf4+ 31.Kxf4 Rf8+ 32.Kg5 Rg8+ 33.Kf6 Rf8+ 34.Kg7
Rf4 35.g5 Rf5 36.Re5 Rxe5 37.dxe5 d4 38.Bxd4 1-0

[Event "Moscow Open 2009 B"]
[Site "www.moscowchessopen.ru"]
[Date "2009.02.07"]
[Round "8.14"]
[White "Fokin, Sergey"]
[Black "Tukhvatullin, Vladislav"]
[Result "0-1"]
[WhiteElo "2142"]
[BlackElo "2227"]
[Annotator ""]
[Source ""]
[Remark ""]

1.d4 Nf6 2.c4 g6 3.Nc3 Bg7 4.e4 d6 5.Nf3 O-O 6.Be2 e5 7.Be3 Nc6
8.d5 Ne7 9.Nd2 Nd7 10.O-O f5 11.f3 f4 12.Bf2 g5 13.b4 Nf6 14.c5
Ng6 15.cxd6 cxd6 16.Rc1 Rf7 17.Nc4 Bf8 18.Nb5 g4 19.Bxa7 Rxa7
20.Nxa7 Bd7 21.a4 g3 22.h3 Nh5 23.Re1 Rg7 24.Bd3 Nh4 25.Rc2 Bxh3
26.gxh3 g2 27.Kf2 Qg5 28.Rg1 Qg3+ 29.Ke2 Nxf3 30.Nb5 Nxg1+ 31.Qxg1
f3+ 32.Kd1 Nf4 0-1

[Event "Moscow Open 2009 B"]
[Site "www.moscowchessopen.ru"]
[Date "2009.02.07"]
[Round "8.15"]
[White "Tiukaev, Ilgiz"]
[Black "Pogosian, Georgy"]
[Result "0-1"]
[WhiteElo "2134"]
[BlackElo "2219"]
[Annotator ""]
[Source ""]
[Remark ""]

1.e4 e6 2.d3 d5 3.Nd2 Nf6 4.Ngf3 Be7 5.g3 c5 6.Bg2 Nc6 7.O-O
b6 8.Re1 Bb7 9.c3 Qc7 10.Nf1 O-O-O 11.Qe2 h6 12.b4 dxe4 13.dxe4
cxb4 14.Bb2 bxc3 15.Bxc3 Bc5 16.N1d2 Kb8 17.Qc4 Ng4 18.Rf1 Nce5
19.Qb3 Nd3 20.Nc4 Ndxf2 21.Nfe5 Nh3+ 22.Kh1 Ngf2+ 23.Rxf2 Nxf2+
24.Kg1 Nxe4+ 0-1

[Event "Moscow Open 2009 B"]
[Site "www.moscowchessopen.ru"]
[Date "2009.02.07"]
[Round "8.16"]
[White "Khatoev, Eduard"]
[Black "Aghasaryan, Robert"]
[Result "1/2-1/2"]
[WhiteElo "2120"]
[BlackElo "2218"]
[Annotator ""]
[Source ""]
[Remark ""]

1.d4 d5 2.Nf3 c6 3.c4 e6 4.e3 Nf6 5.Nbd2 Nbd7 6.Bd3 b6 7.O-O
Bb7 8.e4 dxe4 9.Nxe4 Be7 10.Qe2 O-O 11.Nxf6+ Nxf6 12.Bg5 c5 13.dxc5
bxc5 14.Ne5 Qc7 15.Rfe1 Rad8 16.Rad1 Rd4 17.Bd2 Bd6 18.Bc3 Rh4
19.Qd2 1/2-1/2

[Event "Moscow Open 2009 B"]
[Site "www.moscowchessopen.ru"]
[Date "2009.02.07"]
[Round "8.17"]
[White "Dibrov, Ilya"]
[Black "Bikuzhin, Vaksim"]
[Result "1-0"]
[WhiteElo "2298"]
[BlackElo "2145"]
[Annotator ""]
[Source ""]
[Remark ""]

1.d4 Nf6 2.Nf3 d6 3.c4 Nbd7 4.Nc3 e5 5.e3 Be7 6.Bd3 O-O 7.O-O
c6 8.Qc2 Qc7 9.Rb1 b6 10.b3 Bb7 11.Bb2 Rac8 12.Rbd1 a6 13.Bf5
Rcd8 14.Ne2 g6 15.Bh3 c5 16.d5 Nh5 17.g4 Ng7 18.Nd2 f5 19.gxf5
Nxf5 20.Ng3 Ng7 21.f4 Bh4 22.Nf3 exf4 23.Ne4 Bf6 24.Nfg5 Bxb2
25.Ne6 Nxe6 26.Bxe6+ Kg7 27.Qxb2+ Kh6 28.exf4 Rf5 29.Bxf5 gxf5
30.Qg2 1-0

[Event "Moscow Open 2009 B"]
[Site "www.moscowchessopen.ru"]
[Date "2009.02.07"]
[Round "8.18"]
[White "Asgarov, Mushfig Nizami Oglu"]
[Black "Kutuzov, Denis"]
[Result "0-1"]
[WhiteElo "2192"]
[BlackElo "2298"]
[Annotator ""]
[Source ""]
[Remark ""]

1.e4 a6 2.d4 b5 3.Bd3 Bb7 4.Bg5 h6 5.Bh4 Nf6 6.Qe2 e6 7.Nf3 c5
8.c3 cxd4 9.Nxd4 Nc6 10.O-O Qb6 11.Nxc6 Bxc6 12.Nd2 Be7 13.e5
Nd5 14.Bxe7 Kxe7 15.Qg4 Rag8 16.Nb3 f5 17.Qd4 Qxd4 18.Nxd4 Bb7
19.Rfd1 g5 20.a4 b4 21.cxb4 Nxb4 22.Bc4 Rc8 23.b3 Rc5 24.Re1
Rhc8 25.Rad1 Ra5 26.Rd2 Rcc5 27.Red1 Bd5 28.Bf1 Rc7 29.g3 Rac5
30.f4 gxf4 31.gxf4 Rc8 32.Bg2 Rg8 33.Kf1 Bxg2+ 34.Rxg2 Rxg2 35.Kxg2
Nd5 36.Rf1 Ne3+ 37.Kf2 Nxf1 38.Kxf1 Rd5 39.Ne2 Rd3 40.b4 Rb3
41.b5 axb5 42.axb5 Rxb5 43.Kf2 Rb3 44.Nd4 Rd3 45.Nf3 Kd8 46.Ne1
Rc3 47.Ke2 Kc7 48.h4 Kc6 49.Nd3 Kd5 50.Ke3 Rb3 51.h5 Ra3 52.Ke2
Kd4 0-1

[Event "Moscow Open 2009 B"]
[Site "www.moscowchessopen.ru"]
[Date "2009.02.07"]
[Round "8.19"]
[White "Kachar, Vladimir"]
[Black "Spichkin, Alexander"]
[Result "0-1"]
[WhiteElo "2295"]
[BlackElo "2201"]
[Annotator ""]
[Source ""]
[Remark ""]

1.Nf3 d6 2.d4 c6 3.g3 h6 4.Bg2 g5 5.e4 Bg7 6.Nc3 Nd7 7.Be3 Qa5
8.Nd2 Ngf6 9.h4 g4 10.h5 Nf8 11.Nb3 Qc7 12.Qd2 Ne6 13.O-O-O Ng5
14.Bf4 Nh3 15.Bxh3 gxh3 16.e5 Nxh5 17.exd6 exd6 18.Qe2+ Be6 19.Qxh5
O-O-O 20.Nc5 Qa5 21.N3e4 dxc5 22.Nd6+ Rxd6 23.Bxd6 Qxa2 24.Qxc5
Qa1+ 25.Kd2 Qxb2 26.Be5 Bxe5 27.dxe5 Rd8+ 28.Ke3 Bd5 29.f3 Qxe5+
30.Kf2 Qf5 31.Rd3 Re8 32.g4 Re2+ 33.Kg3 Qe5+ 34.Kxh3 h5 35.Rxd5
hxg4+ 36.fxg4 Qxd5 37.Qxd5 cxd5 38.Rf1 Re7 39.Kh4 Kd7 40.Ra1
a6 41.Kg5 Re2 42.Rf1 Ke7 43.Rb1 b5 44.Ra1 Re6 45.Kf5 Kd7 46.Ra3
Kc7 47.g5 Kb6 48.Rc3 a5 49.Rc8 a4 50.Rd8 Rc6 51.Rd7 Rc7 52.Rd6+
Kc5 53.Ra6 d4 54.Ke5 Re7+ 55.Kf6 Rd7 56.Ra8 Kb4 57.Rf8 a3 58.Ra8
Rc7 59.Ra6 Rxc2 0-1

[Event "Moscow Open 2009 B"]
[Site "www.moscowchessopen.ru"]
[Date "2009.02.07"]
[Round "8.20"]
[White "Kavalenia, Leonid"]
[Black "Erofeev, Alexey"]
[Result "0-1"]
[WhiteElo "2295"]
[BlackElo "2195"]
[Annotator ""]
[Source ""]
[Remark ""]

1.d4 Nf6 2.Nf3 g6 3.c4 Bg7 4.Nc3 O-O 5.e4 d6 6.Be2 e5 7.d5 a5
8.O-O Na6 9.Ne1 Nc5 10.Qc2 Ne8 11.Be3 f5 12.f3 f4 13.Bf2 Rf7
14.a3 Bd7 15.Nd3 Nxd3 16.Bxd3 a4 17.c5 dxc5 18.Bxc5 Nd6 19.Rac1
g5 20.Na2 g4 21.fxg4 Bxg4 22.Be2 Qg5 23.Bf3 Bf8 24.Qe2 Bd7 25.Nb4
Bb5 26.Nd3 Ra6 27.Rc3 Rg7 28.Rfc1 b6 29.Bf2 Ne8 30.Qd2 Bd6 31.Nb4
Ra8 32.Nc6 Nf6 33.b4 axb3 34.Rxb3 Ba4 35.Rbc3 Ng4 36.h3 Nxf2
37.Qxf2 Bb5 38.Kh1 Ra4 39.Qb2 Bxc6 40.dxc6 Kh8 41.Rd1 Qe7 42.Qb5
Ra5 43.Qc4 Rg8 44.Rd5 Ra7 45.a4 Qh4 46.Rd1 Raa8 47.Rcd3 Bc5 48.Rd7
Rg3 49.Qe6 Bd6 50.Bg4 Re3 51.Rf1 Re1 52.Qc4 Rxa4 53.Qd3 Rxf1+
54.Qxf1 Rxe4 55.Qf3 Re3 56.g3 Rxf3 57.gxh4 Rc3 58.h5 h6 59.Kg2
e4 60.Bf5 f3+ 61.Kf2 Bc5+ 62.Kg3 f2+ 63.Kg2 Rc1 0-1

[Event "Moscow Open 2009 B"]
[Site "www.moscowchessopen.ru"]
[Date "2009.02.07"]
[Round "8.21"]
[White "Krivonos, Nikolay"]
[Black "Trusov, Mikhail"]
[Result "1/2-1/2"]
[WhiteElo "2294"]
[BlackElo "2191"]
[Annotator ""]
[Source ""]
[Remark ""]

1.c4 c6 2.d4 d5 3.Nc3 Nf6 4.Nf3 e6 5.e3 Nbd7 6.Bd3 Bd6 7.O-O
O-O 8.b3 a6 9.a4 e5 10.cxd5 cxd5 11.dxe5 Nxe5 12.h3 Nxf3+ 13.Qxf3
Be5 14.Bb2 Be6 15.Rab1 h5 16.Ne2 Qd6 17.Bxe5 Qxe5 18.Qf4 Qxf4
19.Nxf4 g5 20.Nxe6 fxe6 21.a5 Rac8 22.Rfc1 Nd7 23.Be2 h4 24.b4
Ne5 25.b5 axb5 26.Bxb5 Rxc1+ 27.Rxc1 Ra8 28.Ra1 Rc8 29.f4 Rc5
30.Be2 gxf4 31.exf4 Ng6 32.Ra4 Kf7 33.Kf2 Kf6 34.Ke3 Ne7 35.Bd3
Nf5+ 36.Kd2 Nd6 37.a6 bxa6 38.Rxa6 Nc4+ 39.Ke2 Nb2 40.Bb1 Rc1
41.Bh7 Rc7 42.Bb1 Kf7 43.Ra8 Rc4 44.Kf3 Rc3+ 45.Ke2 Rg3 46.Kf2
Nd1+ 47.Kg1 Ne3 48.Ra2 Ke7 49.Rf2 Nd1 50.Rd2 Nc3 51.Bc2 Kd6 52.Bd1
Re3 53.Bf3 Ne4 54.Bxe4 Rxe4 55.Rf2 Re1+ 56.Kh2 d4 57.f5 exf5
58.Rxf5 Re5 59.Rf8 Kd5 60.Kg1 d3 61.Kf2 Kd4 62.Rd8+ Kc3 63.Rc8+
Kd2 64.Kf3 Kd1 65.Rh8 d2 66.Rxh4 Rd5 67.Ra4 Kc2 68.Ra1 d1Q+ 69.Rxd1
Rxd1 70.Kf4 Rd8 71.g4 Rh8 72.g5 Rxh3 1/2-1/2

[Event "Moscow Open 2009 B"]
[Site "www.moscowchessopen.ru"]
[Date "2009.02.07"]
[Round "8.22"]
[White "Yuferev, Oleg"]
[Black "Yudkevich, Mikhail"]
[Result "1-0"]
[WhiteElo "2293"]
[BlackElo "2190"]
[Annotator ""]
[Source ""]
[Remark ""]

1.Nf3 d5 2.d4 e6 3.c4 c6 4.Qc2 f5 5.g3 Nf6 6.Bg2 Bd6 7.O-O O-O
8.b3 Qe7 9.Nbd2 b6 10.Bb2 Ne4 11.Nxe4 fxe4 12.Nd2 Bb7 13.e3 Nd7
14.f3 exf3 15.Nxf3 e5 16.e4 dxe4 17.Qxe4 Nf6 18.Qc2 exd4 19.Rae1
Qd7 20.Bxd4 Qg4 21.c5 bxc5 22.Bxc5 Bxc5+ 23.Qxc5 Ba6 24.Ne5 Qh5
25.Bf3 Qg5 26.Qxc6 Bxf1 27.Qe6+ Kh8 28.Bxa8 Qh5 29.Bf3 Qh3 30.Nf7+
Kg8 31.Ng5+ Qxe6 32.Nxe6 Re8 33.Kxf1 1-0

[Event "Moscow Open 2009 B"]
[Site "www.moscowchessopen.ru"]
[Date "2009.02.07"]
[Round "8.23"]
[White "Kretov, Evgueij"]
[Black "Kuznesov, Andrei"]
[Result "1-0"]
[WhiteElo "2181"]
[BlackElo "2286"]
[Annotator ""]
[Source ""]
[Remark ""]

1.d4 Nf6 2.c4 g6 3.Nc3 d5 4.cxd5 Nxd5 5.Bd2 Bg7 6.e4 Nxc3 7.Bxc3
O-O 8.Be2 c5 9.d5 e6 10.Rc1 exd5 11.exd5 Nd7 12.Bxg7 Kxg7 13.Qd2
b6 14.Bf3 Ne5 15.Rc3 Re8 16.Re3 Ba6 17.Be2 c4 18.Qc3 Qf6 19.Nf3
Ng4 20.Rxe8 Rxe8 21.h3 Qxc3+ 22.bxc3 Nf6 23.Nd4 Bb7 24.f3 Bxd5
25.Kf2 a6 26.Rb1 Nd7 27.Nc2 Rc8 28.Rd1 Be6 29.Nd4 Nc5 30.Nxe6+
Nxe6 31.Rd6 b5 32.Rxa6 Nc5 33.Rb6 Na4 34.Rxb5 Nxc3 35.Rb2 Nd5
36.a3 c3 37.Ra2 Kf6 38.Bd3 Ke5 39.Re2+ Kd4 40.Bc2 f5 41.g4 Nf4
42.Re7 Nxh3+ 43.Kg3 fxg4 44.Kxg4 Ng1 45.Re4+ Kd5 46.Re1 Nxf3
47.Kxf3 Rf8+ 48.Kg3 Rb8 49.Re2 Rb2 50.Kf4 Kd4 51.a4 Rb6 1-0

[Event "Moscow Open 2009 B"]
[Site "www.moscowchessopen.ru"]
[Date "2009.02.07"]
[Round "8.24"]
[White "Volkov, Sergei"]
[Black "Martynov, Vladimir"]
[Result "1-0"]
[WhiteElo "2286"]
[BlackElo "2184"]
[Annotator ""]
[Source ""]
[Remark ""]

1.e4 e5 2.Nf3 Nc6 3.Nc3 d6 4.d4 exd4 5.Nxd4 g6 6.Nd5 Bd7 7.Nb5
Rc8 8.Nxa7 Nxa7 9.Qd4 f6 10.Qxa7 b5 11.Bd2 Kf7 12.Ba5 Qe8 13.Bd3
c6 14.Nb6 Rd8 15.Qc7 Ne7 16.O-O Be6 17.a4 Bh6 18.axb5 cxb5 19.f4
Rf8 20.f5 Bd7 21.Kh1 Bc6 22.fxg6+ hxg6 23.Nd5 Bxd5 24.exd5 Qd7
25.Qc3 Nxd5 26.Qb3 Qe6 27.Rae1 Be3 28.Bxd8 Rxd8 29.Rxe3 Qxe3
30.Qxd5+ Kg7 31.Qxb5 1-0

[Event "Moscow Open 2009 B"]
[Site "www.moscowchessopen.ru"]
[Date "2009.02.07"]
[Round "8.25"]
[White "Khachatryan, Vahagn"]
[Black "Klimovets, Kirill"]
[Result "1/2-1/2"]
[WhiteElo "2283"]
[BlackElo "2183"]
[Annotator ""]
[Source ""]
[Remark ""]

1.e4 c5 2.c3 d5 3.exd5 Qxd5 4.d4 Nf6 5.Nf3 Bg4 6.Be2 cxd4 7.cxd4
e6 8.h3 Bf5 9.Nc3 Bb4 10.O-O Bxc3 11.bxc3 O-O 12.c4 Qd8 13.Ba3
Re8 14.Qb3 Nc6 15.Rfd1 Be4 16.Qe3 Ne7 17.g4 h6 18.Rd2 Rc8 19.Rad1
b5 20.d5 exd5 21.cxb5 Ng6 22.Rc1 Rxc1+ 23.Bxc1 Qc7 24.Bb2 Bxf3
25.Qxf3 Ne4 26.Qe3 1/2-1/2

[Event "Moscow Open 2009 B"]
[Site "www.moscowchessopen.ru"]
[Date "2009.02.07"]
[Round "8.26"]
[White "Gankin, Stanislav"]
[Black "Medvedev, Vladimir"]
[Result "1-0"]
[WhiteElo "2275"]
[BlackElo "2182"]
[Annotator ""]
[Source ""]
[Remark ""]

1.e4 Nc6 2.Nf3 d6 3.d4 Nf6 4.Nc3 e5 5.Bb5 Bd7 6.O-O Be7 7.Re1
exd4 8.Nxd4 O-O 9.Bxc6 bxc6 10.b3 c5 11.Nf3 Bc6 12.Bb2 Nd7 13.Nd5
Re8 14.Qd3 Bxd5 15.Qxd5 Bf6 16.Bxf6 Qxf6 17.Rad1 Ne5 18.Nxe5
Qxe5 19.Qb7 Qe7 20.g3 a5 21.Qc6 f6 22.Re3 Rab8 23.Qa6 Rb4 24.Rde1
a4 25.a3 Rd4 26.R3e2 axb3 27.c3 Qe5 28.cxd4 Qxd4 29.Qb5 Ra8 30.Qxb3+
c4 31.Qb7 1-0

[Event "Moscow Open 2009 B"]
[Site "www.moscowchessopen.ru"]
[Date "2009.02.07"]
[Round "8.27"]
[White "Vardanian, Haik G"]
[Black "Remizov, Juri"]
[Result "1-0"]
[WhiteElo "2269"]
[BlackElo "2174"]
[Annotator ""]
[Source ""]
[Remark ""]

1.e4 d5 2.exd5 Qxd5 3.Nc3 Qa5 4.Bc4 Nf6 5.Nf3 Bg4 6.h3 Qh5 7.Be2
e6 8.d4 Nc6 9.Be3 O-O-O 10.O-O Bd6 11.Nb5 Bxf3 12.Nxd6+ Rxd6
13.Bxf3 Qb5 14.Bxc6 Rxc6 15.b3 Qf5 16.c4 Rd6 17.b4 g5 18.Qa4
Kb8 19.b5 a6 20.Rab1 axb5 21.Rxb5 Qe4 22.Rfb1 Rb6 23.Rxb6 cxb6
24.Rxb6 g4 25.h4 g3 26.Qb3 gxf2+ 27.Bxf2 Rg8 28.g3 Kc8 29.d5
Nd7 30.Rxb7 exd5 31.cxd5 Qxh4 32.Ra7 Qg4 33.d6 1-0

[Event "Moscow Open 2009 B"]
[Site "www.moscowchessopen.ru"]
[Date "2009.02.07"]
[Round "8.28"]
[White "Uliashev, Pavel"]
[Black "Nikologorskiy, Konstantin"]
[Result "1-0"]
[WhiteElo "2267"]
[BlackElo "2168"]
[Annotator ""]
[Source ""]
[Remark ""]

1.d4 d5 2.c4 c6 3.Nc3 Nf6 4.e3 a6 5.b3 b5 6.Bd3 e6 7.Nge2 Nbd7
8.O-O Bb7 9.cxd5 cxd5 10.a3 Rc8 11.f4 Bd6 12.Bd2 O-O 13.Qe1 Qe7
14.Nd1 Bxa3 15.b4 Nb6 16.Rxa3 Ne4 17.Bxe4 dxe4 18.f5 Nc4 19.Ra1
e5 20.dxe5 Nxe5 21.f6 gxf6 22.Bc3 Kh8 23.Qh4 Rc6 24.Nd4 Rb6 25.Rf5
Rg8 26.Nc6 Rxc6 27.Rxe5 1-0